斐波那契数列2min速算 Fibonacci sequence calculation in 2 minutes - Statistics

General Stats
  • This quiz has been taken 308 times
    307 since last reset
  • The average score is 24 of 40
Answer Stats
数列 % Correct
1
100%
1
96%
13
96%
2
96%
3
96%
5
96%
8
96%
21
95%
34
95%
55
95%
89
94%
144
89%
233
88%
377
88%
610
87%
987
87%
1597
85%
2584
81%
4181
79%
6765
78%
10946
75%
17711
73%
28657
70%
46368
67%
75025
59%
121393
50%
196418
40%
317811
36%
514229
32%
832040
26%
1346269
20%
2178309
17%
3524578
13%
5702887
11%
9227465
7%
14930352
5%
24157817
4%
39088169
3%
102334155
2%
63245986
2%
No matching quizzes found
Score Distribution
Percent of People with Each Score
Percentile by Number Answered
Your Score History
You have not taken this quiz since the last reset